| 000 | 00890cam a2200289 i 4500 | ||
|---|---|---|---|
| 001 | 17926040 | ||
| 003 | EG-ScBUE | ||
| 005 | 20241016133708.0 | ||
| 008 | 131101t2014 nyu f b 001 0 eng d | ||
| 020 | _a9781461495925 | ||
| 040 |
_aDLC _beng _erda _cDLC _dDLC _dEG-ScBUE |
||
| 082 | 0 | 4 |
_a515.45 _bKRE _222 |
| 100 | 1 |
_aKress, Rainer, _d1941- _eauthor. _938289 |
|
| 245 | 1 | 0 |
_aLinear integral equations / _cRainer Kress. |
| 250 | _aThird edition. | ||
| 264 | 1 |
_aNew York : _bSpringer Science+Business Media, _c[2014] |
|
| 264 | 4 | _cc2014 | |
| 300 |
_axvi, 412 pages ; _c24 cm. |
||
| 490 | 0 |
_aApplied mathematical sciences ; _vvolume 82 |
|
| 504 | _aIncludes bibliographical references and index. | ||
| 650 | 7 |
_aIntegral equations. _2BUEsh |
|
| 650 | 7 |
_aMathematics. _2BUEsh |
|
| 651 | _2BUEsh | ||
| 653 |
_bENGGEN _cJune2015 _cAugust2015 |
||
| 655 | _vReading book | ||
| 942 |
_2ddc _cBB |
||
| 999 |
_c19896 _d19868 |
||